书目信息 |
| 题名: |
宗教文化建筑
|
|
| 作者: | ;廖恩伟 编 ;韩国产业文化出版社 编 | |
| 分册: | ||
| 出版信息: | 长春 吉林科学技术出版社 2003 |
|
| 页数: | 192页 | |
| 开本: | 29cm | |
| 丛书名: | 韩国现代建筑 | |
| 单 册: | ||
| 中图分类: | TU252-64 , TU252 | |
| 科图分类: | ||
| 主题词: | 宗教建筑--建筑设计--韩国--现代--图集 | |
| 电子资源: | ||
| ISBN: | 7-5384-2713-9 | |
| 000 | 01035oam2 2200289 450 | |
| 001 | 1570420046 | |
| 005 | 20150118193414.70 | |
| 010 | @a7-5384-2713-9@dCNY49.80 | |
| 100 | @a20030512d2003 em y0chiy50 ea | |
| 101 | 1 | @achi@ckor |
| 102 | @aCN@b220000 | |
| 105 | @aa z 000yy | |
| 200 | 1 | @a宗教文化建筑@9zong jiao wen hua jian zhu@e[图集]@f[韩国产业文化出版社编]@g廖恩伟译 |
| 210 | @a长春@c吉林科学技术出版社@d2003 | |
| 215 | @a192页@d29cm | |
| 225 | 2 | @a韩国现代建筑 |
| 305 | @a韩国产业出版公司授权出版 | |
| 330 | @a本书展示了韩国现代具有浓郁宗教文化特色的建筑实例,在充分保证优质图片及详细平面图外,更以其写实的文案说明来体现建筑设计的全新视角。 | |
| 461 | 0 | @12001 @a韩国现代建筑 |
| 510 | 1 | @aReligion Culture Architecture@zeng |
| 606 | 0 | @a宗教建筑@x建筑设计@y韩国@z现代@j图集 |
| 690 | @aTU252-64@v5 | |
| 690 | @aTU252@v4 | |
| 702 | 0 | @a廖恩伟@9liao en wei@c(建筑设计)@4编 |
| 711 | 02 | @a韩国产业文化出版社@9han guo chan ye wen hua chu ban she@4编 |
| 801 | 0 | @aCN@bTSSF@c20150118 |
| 905 | @aZUCC@dTU252@eJY33 | |
| 宗教文化建筑:[图集]/[韩国产业文化出版社编]/廖恩伟译.-长春:吉林科学技术出版社,2003 |
| 192页;29cm.-(韩国现代建筑) |
| ISBN 7-5384-2713-9:CNY49.80 |
| 本书展示了韩国现代具有浓郁宗教文化特色的建筑实例,在充分保证优质图片及详细平面图外,更以其写实的文案说明来体现建筑设计的全新视角。 |
| ● |
| 相关链接 |
|
|
|
|
正题名:宗教文化建筑
索取号:TU252/JY33
 
预约/预借
| 序号 | 登录号 | 条形码 | 馆藏地/架位号 | 状态 | 备注 |
| 1 | 7847915 | 278479157 | 学院路分馆/ [索取号:TU252/JY33] | 在馆 | |
| 2 | 7847926 | 278479264 | 学院路分馆/ [索取号:TU252/JY33] | 在馆 |